Online
Catalog

Datos sobre la extensión del territorio de la República Dominicana según las últimas revisiones realizadas en el Instituto Geográfico Universitario. (Record no. 27840)

MARC details
000 -CABECERA
campo de control de longitud fija 01194nam a2200253 a 4500
001 - NÚMERO DE CONTROL
campo de control 000028348
003 - IDENTIFICADOR DEL NÚMERO DE CONTROL
campo de control DO-SdBNP
005 - FECHA Y HORA DE LA ÚLTIMA TRANSACCIÓN
campo de control 20250924073802.0
007 - CAMPO FIJO DE DESCRIPCIÓN FÍSICA--INFORMACIÓN GENERAL
campo de control de longitud fija ta
008 - DATOS DE LONGITUD FIJA--INFORMACIÓN GENERAL
campo de control de longitud fija 110408s1992 dr b 000 0 spa d
040 ## - FUENTE DE LA CATALOGACIÓN
Centro catalogador/agencia de origen DO-SdBNP
Lengua de catalogación spa
Centro/agencia transcriptor BNPHU
049 ## - FONDOS LOCALES (OCLC)
Fondos de biblioteca BNPD
082 ## - NÚMERO DE LA CLASIFICACIÓN DECIMAL DEWEY
Número de clasificación xxxx
Número de documento/Ítem R426d
Número de edición 22
110 1# - ENTRADA PRINCIPAL--NOMBRE DE ENTIDAD CORPORATIVA
Nombre de entidad corporativa o nombre de jurisdicción como elemento de entrada República Dominicana.
Unidad subordinada Universidad Autónoma de Santo Domingo.
-- Facultad de Ciencias.
-- Instituto Geográfico Universitario
9 (RLIN) 55321
245 10 - MENCIÓN DE TÍTULO
Título Datos sobre la extensión del territorio de la República Dominicana según las últimas revisiones realizadas en el Instituto Geográfico Universitario.
260 ## - PUBLICACIÓN, DISTRIBUCIÓN, ETC.
Lugar de publicación, distribución, etc. Santo Domingo :
Nombre del editor, distribuidor, etc. Editora Universitaria-UASD,
Fecha de publicación, distribución, etc. 1992.
300 ## - DESCRIPCIÓN FÍSICA
Extensión 39 p. :
Otras características físicas mapa ;
Dimensiones 20 cm.
490 1# - MENCIÓN DE SERIE
Mención de serie Colección Publicaciones de la Universidad Autónoma de Santo Domingo
Designación de volumen o secuencia 688
490 1# - MENCIÓN DE SERIE
Mención de serie Serie Ciencia y tecnólogia
Designación de volumen o secuencia 27
500 ## - NOTA GENERAL
Nota general Basadas en los mapas provinciales y mundiales a escala 1:50,000 del país y de acuerdo a la división política vigente al mes de mayo del año 1990
590 ## - NOTA LOCAL (RLIN)
Nota local Inventariado, 2024/BT
830 ## - PUNTO DE ACCESO ADICIONAL DE SERIE-TÍTULO UNIFORME
Título uniforme Publicaciones de la Universidad Autónoma de Santo Domingo
Designación de volumen o secuencia 688
Número de parte o sección de la obra 27
Nombre de parte o sección de la obra Serie Ciencia y tecnólogia
9 (RLIN) 52
942 ## - ELEMENTOS DE PUNTO DE ACCESO ADICIONAL (KOHA)
Fuente del sistema de clasificación o colocación Dewey Decimal Classification
Tipo de ítem Koha Folleto
Holdings
Estado de retiro Estado de pérdida Fuente del sistema de clasificación o colocación Restricciones de uso No para préstamo Código de colección Localización permanente Ubicación/localización actual Ubicación en estantería Fecha de adquisición Total de préstamos Signatura topográfica completa Código de barras Fecha visto por última vez Precio válido a partir de Tipo de ítem Koha Fuente de adquisición Número de copia
    Dewey Decimal Classification Excluido de préstamo   Patrimonio Dominicano Biblioteca Nacional Pedro Henríquez Ureña Biblioteca Nacional Pedro Henríquez Ureña En catalogación 08.04.2011   BNPHU F-PD xxxx R426d 28348-10 25.06.2020 25.06.2020 Folleto    
    Dewey Decimal Classification Excluido de préstamo   Patrimonio Dominicano Biblioteca Nacional Pedro Henríquez Ureña Biblioteca Nacional Pedro Henríquez Ureña En catalogación 06.02.2025   BNPHU F-PD xxxx R426d 2025-0811 06.02.2025 06.02.2025 Folleto Donado por Matilde Morrillo e.2

Powered by Koha